<?xml version="1.0" encoding="UTF-8"?>
<marc:record xmlns:marc="http://www.loc.gov/MARC21/slim">
   <marc:leader>00000nam a2200000 a 4500</marc:leader>
   <marc:datafield ind1="1" ind2=" " tag="100">
      <marc:subfield code="a">Karl, Helmut W.</marc:subfield>
      <marc:subfield code="4">aut</marc:subfield>
      <marc:subfield code="e">Verfasser/-in</marc:subfield>
   </marc:datafield>
   <marc:datafield ind1=" " ind2=" " tag="653">
      <marc:subfield code="a">Lernkultur</marc:subfield>
   </marc:datafield>
   <marc:datafield ind1=" " ind2=" " tag="653">
      <marc:subfield code="a">Pädagogik</marc:subfield>
   </marc:datafield>
   <marc:datafield ind1=" " ind2=" " tag="653">
      <marc:subfield code="a">Kreativität</marc:subfield>
   </marc:datafield>
   <marc:datafield ind1="0" ind2="0" tag="245">
      <marc:subfield code="a">Elternratgeber</marc:subfield>
   </marc:datafield>
   <marc:datafield ind1="0" ind2="0" tag="245">
      <marc:subfield code="b">kreative Pädagogik</marc:subfield>
   </marc:datafield>
   <marc:datafield ind1=" " ind2="1" tag="264">
      <marc:subfield code="a">Wien</marc:subfield>
      <marc:subfield code="b">academe Eigenverl.</marc:subfield>
      <marc:subfield code="c">1993</marc:subfield>
   </marc:datafield>
   <marc:datafield ind1="1" ind2=" " tag="520">
      <marc:subfield code="a">Neben den offen als Nachilfe und Lernhilfe auftretenden Organisationen und Unternehmen gibt es eine verwirrende Vielzahl von Angeboten für ratsuchende Eltern, die allesamt die Fähigkeiten der Kinder zu verbessern suchen. Meist werden andere, neuere, bessere Lern- und Unterrichtsmethoden angeboten: Superlearning, EK, Mindmaping, NLP, Gestaltpädagogik, Autogenes Training, seien ein paar stellvertretend für viele weitere Systeme und Methoden angeführte Stichworte. Besorgte Eltern können zwar sorgfältig das Angebot und die Erklärung der Anbieter prüfen, ob sie richtig entschieden haben, werden sie aber erst erkennen, nachdem sie sich entschieden haben. Es fehlt eine Übersicht über das Wesentliche, was dem Kind fehlt oder was das Kind braucht. Dieser Ratgeber soll hier eine Hilfe bieten.</marc:subfield>
   </marc:datafield>
   <marc:datafield ind1="0" ind2=" " tag="490">
      <marc:subfield code="v">0</marc:subfield>
   </marc:datafield>
   <marc:datafield ind1=" " ind2=" " tag="300">
      <marc:subfield code="a">25 u. 30 S.</marc:subfield>
   </marc:datafield>
</marc:record>
